Name all countries to have ever won WSL surfing championships. - Statistics

General Stats
  • This quiz has been taken 19 times
    14 since last reset
  • The average score is 8 of 11
Answer Stats
Total Wins CT Wins JC Wins LT Wins Answer % Correct
58 34 14 10 Australia
91%
20 8 10 2 Brazil
91%
57 30 2 25 United States
91%
3 0 3 0 France
82%
1 0 1 0 Japan
73%
1 0 1 0 New Zealand
73%
2 0 2 0 Portugal
73%
3 1 1 1 South Africa
73%
1 0 1 0 Indonesia
64%
1 1 0 0 United Kingdom
55%
3 1 0 2 Peru
36%
No matching quizzes found
Score Distribution
Percent of People with Each Score
Percentile by Number Answered
Your Score History
You have not taken this quiz since the last reset